000 00908nam a2200253Ia 4500
008 130821s2009 enkaob gr eng
020 _a203626400
020 _a9780203626405
020 _a9780415319973
040 _aCo-BoUCM
_bspa
041 0 0 _aeng
245 0 4 _aThe urban and regional planning reader
_ceditado por Eugenie L. Birch
260 _aLondres (Inglaterra)
_bRoutledge
_c2009
300 _axviii, 441 páginas
_bfotografías mapas
490 4 _aThe Routledge urban reader series
504 _aIncluye referencias bibliográficas e índice.
650 0 4 _aDesarrollo urbano
_912996
650 0 4 _aPlanificación regional
_97932
650 0 4 _aUrbanismo
_925989
700 1 _aBirch, Eugenie Ladner.
_9165717
856 4 2 _zTabla de Contenido
_uhttp://www.loc.gov/catdir/toc/ecip0817/2008019153.html
942 _cLIBRO
_a17
_e1
_mU722r
_2DEWEY
_h711.4
999 _c63219
_d63219